Chronic Poverty : (Record no. 521889)
[ view plain ]
| 000 -LEADER | |
|---|---|
| fixed length control field | 00259nam a22000857a 4500 |
| 100 ## - MAIN ENTRY--PERSONAL NAME | |
| Personal name | Hulme, David |
| 9 (RLIN) | 36164 |
| 245 ## - TITLE STATEMENT | |
| Title | Chronic Poverty : |
| Remainder of title | Meanings and Analytical Frameworks |
| 260 ## - PUBLICATION, DISTRIBUTION, ETC. (IMPRINT) | |
| Place of publication, distribution, etc | New delhi |
| Name of publisher, distributor, etc | Indian Institute Of Public Administration |
| Date of publication, distribution, etc | 2004 |
| 300 ## - PHYSICAL DESCRIPTION | |
| Extent | 54p. |
No items available.
